| Tag |
First Indicator |
Second Indicator |
Subfields |
| LEADER |
00000cam a2200000 a 4500 |
| 001 |
in00001373621 |
| 005 |
20151006084857.0 |
| 007 |
hd afa014baca |
| 008 |
960517s1979 dcu a 000 0 eng d |
| 035 |
|
|
|a (OCoLC)34751118
|
| 035 |
|
|
|9 AHJ6317AM
|
| 040 |
|
|
|a HDB
|c HDB
|d UtOrBLW
|
| 049 |
|
|
|a TXAI
|
| 090 |
|
|
|a JK1108
|b .M35 Suppl. 1979-80 reel 9, fr. 0067
|
| 099 |
|
|
|a film
|a S
|a 1707
|a 1979-80, reel 9, fr. 0067.
|
| 100 |
1 |
|
|a Wertman, Patricia A.
|
| 245 |
1 |
0 |
|a Fixed versus flexible exchange rates :
|b a bibliography /
|c Patricia Wertman, Analyst in International Trade and Finance.
|
| 264 |
|
1 |
|a [Washington, DC] :
|b Library of Congress, Congressional Research Service,
|c 1979.
|
| 300 |
|
|
|a 39 pages ;
|c 28 cm.
|
| 336 |
|
|
|a text
|b txt
|2 rdacontent
|
| 337 |
|
|
|a microform
|b h
|2 rdamedia
|
| 338 |
|
|
|a microfilm reel
|b hd
|2 rdacarrier
|
| 500 |
|
|
|a Cover title.
|
| 500 |
|
|
|a "February 2, 1979."
|
| 500 |
|
|
|a "Report number 79-42 E."
|
| 500 |
|
|
|a "HG 3826."
|
| 500 |
|
|
|a "Economics Division."
|
| 533 |
|
|
|a Microfilm.
|b Arlington, VA :
|c University Publications of America,
|d 1980.
|e on 1 microfilm reel ; 35 mm. Low reduction.
|f (Major studies and issue briefs of the Congressional Research Service. 1979-80 supplement ; reel 9, fr. 0067).
|
| 500 |
|
|
|a Microform.
|
| 650 |
|
0 |
|a Foreign exchange rates.
|
| 650 |
|
0 |
|a International finance
|x Bibliography.
|
| 650 |
|
0 |
|a Banks and banking
|v Bibliography.
|
| 710 |
2 |
|
|a Library of Congress.
|b Congressional Research Service.
|
| 830 |
|
0 |
|a Major studies and issue briefs of the Congressional Research Service.
|p Supplement ;
|v 1979-80, reel 9, fr. 0067.
|
| 999 |
|
|
|a MARS
|
| 999 |
f |
f |
|s 712ba1c0-664f-3d35-999a-2f319764e3e9
|i cd844857-0e2e-3ef7-8d41-302ece39ea3b
|t 0
|
| 952 |
f |
f |
|p default
|a Texas A&M University
|b College Station
|c Sterling C. Evans Library
|d Evans: Microforms (3rd floor)
|t 0
|e film S 1707 1979-80, reel 9, fr. 0067.
|h Other scheme
|i microform -- microfilm reel
|
| 998 |
f |
f |
|a film S 1707 1979-80, reel 9, fr. 0067.
|t 0
|l Evans: Microforms (3rd floor)
|